<?xml version="1.0" encoding="UTF-8"?>
<collection xmlns="http://www.loc.gov/MARC21/slim">
 <record>
  <leader>00414pamaa2200121   4500</leader>
  <controlfield tag="001">0000050518</controlfield>
  <controlfield tag="005">20120828090000.0</controlfield>
  <controlfield tag="008">120828s2010                             eng  </controlfield>
  <datafield tag="245" ind1="0" ind2="0">
   <subfield code="a">Elektor : </subfield>
   <subfield code="b">Electronics &amp; microcontrollers : </subfield>
   <subfield code="b">Electronics &amp; microcontrollers : </subfield>
   <subfield code="b">vol. 36, no. 7-12, 2010.</subfield>
  </datafield>
  <datafield tag="260" ind1="0" ind2="0">
   <subfield code="a">Brentford, England: </subfield>
   <subfield code="b">Elektor, </subfield>
   <subfield code="c">2000.</subfield>
  </datafield>
  <datafield tag="300" ind1=" " ind2=" ">
   <subfield code="a">30 cm.</subfield>
  </datafield>
  <datafield tag="650" ind1="0" ind2="0">
   <subfield code="a">Electronics -- </subfield>
   <subfield code="x">periodical </subfield>
  </datafield>
  <datafield tag="901" ind1=" " ind2=" ">
   <subfield code="u">www.elektor.com</subfield>
  </datafield>
 </record>
</collection>
